01083 2200205 4500001002100000005001500021035002000036007000300056008004100059020002200100082001400122084002000136100003100156245006000187260004200247300004000289700002900329520049900358600002000857INLIS00000000000234020260408084713 a0010-0426000018ta260408 j 1 ind  a978-602-9351-55-2 a889.221.3 a889.221.3 DES a0 aDesti Balqis ( Pengarang )1 aAku suka memasak /cDesti Balqis; editor, Yenni Saputri aSurakarta :bPustaka Pawiyatan,c2020 a96 hlm :bilus,hitam putih ;c21 cm0 aYenni Saputri ( Editor ) aBuku ini bercerita tentang anak bernama Tya. Semua anggota keluarga Tya pintar memasak. Bahkan, Caca, adik Tya, sudah jago memasak. Namun, Tya justru tidak suka memasak. Sampai-sampai bundanya meminta Tya ikut les memasak. Awalnya, sih, Tya malas sekali. Namun, ternyata Di tempat lesnya. Tya bertemu dengan teman sekelasnya yang juga suka memasak. Wah, makin seru, dong. Apakah Tya akhirnya jadi suka memasak? Bisakah Tya menjadi seperti anggota keluarganya yang lain? Yuk, baca cerita Tya. 4aFiksi indonesia